000 00432nam a2200145 a 4500
001 000021532
005 20200930011346.0
008 100908s1984 xxua r 000 | spa d
020 _a0892131284
040 _aDO-SdBNP
_bspa
_cBNPHU
082 _axxx
_bH638
245 0 0 _aThe Higher Taste :
_bA guide to gourmet vegetarian cooking and a karma-free diet .
260 _aLos Angeles :
_bBhaktivedanta Book Trust,
_c1984.
049 _aBNGR
999 _c21032
_d21032